The Fix (Record no. 617589)

MARC details
000 -LEADER
fixed length control field 00489nam a2200181 a 4500
008 - FIXED-LENGTH DATA ELEMENTS--GENERAL INFORMATION
fixed length control field 260311s2026##################000#0#eng##
020 ## - INTERNATIONAL STANDARD BOOK NUMBER
ISBN 9780520223356
041 ## - LANGUAGE CODE
Language code of text/sound track or separate title Eng
082 04 - DEWEY DECIMAL CLASSIFICATION NUMBER
Classification number 362.29180973
Item number MAS
100 ## - MAIN ENTRY--AUTHOR NAME
Personal name Massing, Michael
245 10 - TITLE STATEMENT
Title The Fix
Statement of responsibility, etc /by Michael Massing.
250 ## - EDITION STATEMENT
Edition statement 1st ed.
260 ## - PUBLICATION, DISTRIBUTION, ETC. (IMPRINT)
Place of publication London:
Name of publisher University of california press,
Year of publication 2000.
300 ## - PHYSICAL DESCRIPTION
Number of Pages 335 p;
Dimensions 18 cm.
650 ## - SUBJECT ADDED ENTRY--TOPICAL TERM
Topical Term Social problems, Economics.
942 ## - ADDED ENTRY ELEMENTS (KOHA)
Koha item type English Books
Holdings
Withdrawn status Lost status Damaged status Not for loan Home library Current library Shelving location Date acquired Full call number Accession Number Price effective from Koha item type
        Anna Centenary Library Anna Centenary Library 4TH FLOOR, A WING 11.03.2026 362.29180973 MAS 167605 11.03.2026 English Books

Find us on the map